<?xml version="1.0" encoding="UTF-8"?><marc:collection xmlns:marc="http://www.loc.gov/MARC21/slim">
  <marc:record>
    <marc:leader>03859nas a2200649 c 4500</marc:leader>
    <marc:controlfield tag="001">010056483</marc:controlfield>
    <marc:controlfield tag="003">DE-101</marc:controlfield>
    <marc:controlfield tag="005">20251024164308.0</marc:controlfield>
    <marc:controlfield tag="007">tu</marc:controlfield>
    <marc:controlfield tag="008">991118d19481976xxus||p|  a|| 0||||1eng c</marc:controlfield>
    <marc:datafield tag="016" ind1="7" ind2=" ">
      <marc:subfield code="2">DE-600</marc:subfield>
      <marc:subfield code="a">3770-9</marc:subfield>
    </marc:datafield>
    <marc:datafield tag="016" ind1="7" ind2=" ">
      <marc:subfield code="2">DE-101</marc:subfield>
      <marc:subfield code="a">010056483</marc:subfield>
    </marc:datafield>
    <marc:datafield tag="022" ind1=" " ind2=" ">
      <marc:subfield code="a">0029-5612</marc:subfield>
    </marc:datafield>
    <marc:datafield tag="030" ind1=" " ind2=" ">
      <marc:subfield code="a">NSABA</marc:subfield>
    </marc:datafield>
    <marc:datafield tag="035" ind1=" " ind2=" ">
      <marc:subfield code="a">(DE-599)ZDB3770-9</marc:subfield>
    </marc:datafield>
    <marc:datafield tag="035" ind1=" " ind2=" ">
      <marc:subfield code="a">(OCoLC)231013426</marc:subfield>
    </marc:datafield>
    <marc:datafield tag="040" ind1=" " ind2=" ">
      <marc:subfield code="a">9001</marc:subfield>
      <marc:subfield code="b">ger</marc:subfield>
      <marc:subfield code="c">DE-101</marc:subfield>
      <marc:subfield code="d">9999</marc:subfield>
    </marc:datafield>
    <marc:datafield tag="041" ind1=" " ind2=" ">
      <marc:subfield code="a">eng</marc:subfield>
    </marc:datafield>
    <marc:datafield tag="042" ind1=" " ind2=" ">
      <marc:subfield code="a">zdb</marc:subfield>
    </marc:datafield>
    <marc:datafield tag="044" ind1=" " ind2=" ">
      <marc:subfield code="c">XD-US</marc:subfield>
    </marc:datafield>
    <marc:datafield tag="082" ind1="7" ind2="4">
      <marc:subfield code="a">530</marc:subfield>
      <marc:subfield code="q">DE-600</marc:subfield>
      <marc:subfield code="2">22sdnb</marc:subfield>
    </marc:datafield>
    <marc:datafield tag="084" ind1=" " ind2=" ">
      <marc:subfield code="a">830</marc:subfield>
      <marc:subfield code="a">910</marc:subfield>
      <marc:subfield code="2">rpb</marc:subfield>
    </marc:datafield>
    <marc:datafield tag="084" ind1=" " ind2=" ">
      <marc:subfield code="a">NUC 001b</marc:subfield>
      <marc:subfield code="a">NUC 001z</marc:subfield>
      <marc:subfield code="2">stub</marc:subfield>
    </marc:datafield>
    <marc:datafield tag="210" ind1="0" ind2="0">
      <marc:subfield code="a">Nucl. Sci. Abstr.</marc:subfield>
    </marc:datafield>
    <marc:datafield tag="245" ind1="0" ind2="0">
      <marc:subfield code="a">Nuclear science abstracts</marc:subfield>
      <marc:subfield code="b">NSA ; a semimonthly publication of the USAEC Office of Information Services</marc:subfield>
      <marc:subfield code="c">United States Atomic Energy Commission, USAEC. Ed. Everett J. Hoffman</marc:subfield>
    </marc:datafield>
    <marc:datafield tag="246" ind1="3" ind2=" ">
      <marc:subfield code="a">NSA</marc:subfield>
    </marc:datafield>
    <marc:datafield tag="264" ind1="3" ind2="1">
      <marc:subfield code="a">Oak Ridge, Tenn.</marc:subfield>
      <marc:subfield code="b">Technical Information Service</marc:subfield>
      <marc:subfield code="c">1948-1976</marc:subfield>
    </marc:datafield>
    <marc:datafield tag="336" ind1=" " ind2=" ">
      <marc:subfield code="a">Text</marc:subfield>
      <marc:subfield code="b">txt</marc:subfield>
      <marc:subfield code="2">rdacontent</marc:subfield>
    </marc:datafield>
    <marc:datafield tag="337" ind1=" " ind2=" ">
      <marc:subfield code="a">ohne Hilfsmittel zu benutzen</marc:subfield>
      <marc:subfield code="b">n</marc:subfield>
      <marc:subfield code="2">rdamedia</marc:subfield>
    </marc:datafield>
    <marc:datafield tag="338" ind1=" " ind2=" ">
      <marc:subfield code="a">Band</marc:subfield>
      <marc:subfield code="b">nc</marc:subfield>
      <marc:subfield code="2">rdacarrier</marc:subfield>
    </marc:datafield>
    <marc:datafield tag="362" ind1="0" ind2=" ">
      <marc:subfield code="a">1.1948 - 33.1976</marc:subfield>
    </marc:datafield>
    <marc:datafield tag="363" ind1="0" ind2="0">
      <marc:subfield code="8">1.1\x</marc:subfield>
      <marc:subfield code="a">1</marc:subfield>
      <marc:subfield code="i">1948</marc:subfield>
    </marc:datafield>
    <marc:datafield tag="363" ind1="1" ind2="0">
      <marc:subfield code="8">1.2\x</marc:subfield>
      <marc:subfield code="a">33</marc:subfield>
      <marc:subfield code="i">1976</marc:subfield>
    </marc:datafield>
    <marc:datafield tag="500" ind1=" " ind2=" ">
      <marc:subfield code="a">Repr.: New York, NY : Johnson</marc:subfield>
    </marc:datafield>
    <marc:datafield tag="550" ind1=" " ind2=" ">
      <marc:subfield code="a">Urh. 26.1972,2 - 31.1975,2: US Atomic Energy Commission, Office of Information Services; 31.1975,3 - 33.1976: US Energy Research and Development Administration, Office of Public Affairs</marc:subfield>
    </marc:datafield>
    <marc:datafield tag="555" ind1="8" ind2=" ">
      <marc:subfield code="a">Cumulative index 1/4.1948/50 in: 4.1950</marc:subfield>
    </marc:datafield>
    <marc:datafield tag="650" ind1=" " ind2="7">
      <marc:subfield code="0">(DE-588)4030340-8</marc:subfield>
      <marc:subfield code="0">https://d-nb.info/gnd/4030340-8</marc:subfield>
      <marc:subfield code="0">(DE-101)040303403</marc:subfield>
      <marc:subfield code="a">Kernphysik</marc:subfield>
      <marc:subfield code="9">rswk-swf</marc:subfield>
      <marc:subfield code="2">gnd</marc:subfield>
    </marc:datafield>
    <marc:datafield tag="650" ind1=" " ind2="7">
      <marc:subfield code="0">(DE-588)4017894-8</marc:subfield>
      <marc:subfield code="0">https://d-nb.info/gnd/4017894-8</marc:subfield>
      <marc:subfield code="0">(DE-101)040178943</marc:subfield>
      <marc:subfield code="a">Forschung</marc:subfield>
      <marc:subfield code="9">rswk-swf</marc:subfield>
      <marc:subfield code="2">gnd</marc:subfield>
    </marc:datafield>
    <marc:datafield tag="650" ind1=" " ind2="7">
      <marc:subfield code="0">(DE-588)4030340-8</marc:subfield>
      <marc:subfield code="0">https://d-nb.info/gnd/4030340-8</marc:subfield>
      <marc:subfield code="0">(DE-101)040303403</marc:subfield>
      <marc:subfield code="a">Kernphysik</marc:subfield>
      <marc:subfield code="9">rswk-swf</marc:subfield>
      <marc:subfield code="2">gnd</marc:subfield>
    </marc:datafield>
    <marc:datafield tag="650" ind1=" " ind2="7">
      <marc:subfield code="0">(DE-588)4017894-8</marc:subfield>
      <marc:subfield code="0">https://d-nb.info/gnd/4017894-8</marc:subfield>
      <marc:subfield code="0">(DE-101)040178943</marc:subfield>
      <marc:subfield code="a">Forschung</marc:subfield>
      <marc:subfield code="9">rswk-swf</marc:subfield>
      <marc:subfield code="2">gnd</marc:subfield>
    </marc:datafield>
    <marc:datafield tag="655" ind1=" " ind2="7">
      <marc:subfield code="0">(DE-588)4067488-5</marc:subfield>
      <marc:subfield code="0">https://d-nb.info/gnd/4067488-5</marc:subfield>
      <marc:subfield code="0">(DE-101)040674886</marc:subfield>
      <marc:subfield code="a">Zeitschrift</marc:subfield>
      <marc:subfield code="2">gnd-content</marc:subfield>
    </marc:datafield>
    <marc:datafield tag="655" ind1=" " ind2="7">
      <marc:subfield code="0">(DE-588)4177322-6</marc:subfield>
      <marc:subfield code="0">https://d-nb.info/gnd/4177322-6</marc:subfield>
      <marc:subfield code="0">(DE-101)041773225</marc:subfield>
      <marc:subfield code="a">Referateorgan</marc:subfield>
      <marc:subfield code="2">gnd-content</marc:subfield>
    </marc:datafield>
    <marc:datafield tag="689" ind1="0" ind2="0">
      <marc:subfield code="0">(DE-588)4030340-8</marc:subfield>
      <marc:subfield code="0">https://d-nb.info/gnd/4030340-8</marc:subfield>
      <marc:subfield code="0">(DE-101)040303403</marc:subfield>
      <marc:subfield code="D">s</marc:subfield>
      <marc:subfield code="a">Kernphysik</marc:subfield>
    </marc:datafield>
    <marc:datafield tag="689" ind1="0" ind2="1">
      <marc:subfield code="0">(DE-588)4017894-8</marc:subfield>
      <marc:subfield code="0">https://d-nb.info/gnd/4017894-8</marc:subfield>
      <marc:subfield code="0">(DE-101)040178943</marc:subfield>
      <marc:subfield code="D">s</marc:subfield>
      <marc:subfield code="a">Forschung</marc:subfield>
    </marc:datafield>
    <marc:datafield tag="689" ind1="0" ind2=" ">
      <marc:subfield code="5">DE-600</marc:subfield>
      <marc:subfield code="5">DE-600</marc:subfield>
    </marc:datafield>
    <marc:datafield tag="689" ind1="1" ind2="0">
      <marc:subfield code="0">(DE-588)4030340-8</marc:subfield>
      <marc:subfield code="0">https://d-nb.info/gnd/4030340-8</marc:subfield>
      <marc:subfield code="0">(DE-101)040303403</marc:subfield>
      <marc:subfield code="D">s</marc:subfield>
      <marc:subfield code="a">Kernphysik</marc:subfield>
    </marc:datafield>
    <marc:datafield tag="689" ind1="1" ind2="1">
      <marc:subfield code="0">(DE-588)4017894-8</marc:subfield>
      <marc:subfield code="0">https://d-nb.info/gnd/4017894-8</marc:subfield>
      <marc:subfield code="0">(DE-101)040178943</marc:subfield>
      <marc:subfield code="D">s</marc:subfield>
      <marc:subfield code="a">Forschung</marc:subfield>
    </marc:datafield>
    <marc:datafield tag="689" ind1="1" ind2=" ">
      <marc:subfield code="5">DE-600</marc:subfield>
      <marc:subfield code="5">DE-600</marc:subfield>
    </marc:datafield>
    <marc:datafield tag="710" ind1="1" ind2=" ">
      <marc:subfield code="0">(DE-588)3528-2</marc:subfield>
      <marc:subfield code="0">https://d-nb.info/gnd/3528-2</marc:subfield>
      <marc:subfield code="0">(DE-101)000035289</marc:subfield>
      <marc:subfield code="a">USA</marc:subfield>
      <marc:subfield code="b">Atomic Energy Commission</marc:subfield>
      <marc:subfield code="e">Herausgebendes Organ</marc:subfield>
      <marc:subfield code="4">isb</marc:subfield>
      <marc:subfield code="2">gnd</marc:subfield>
    </marc:datafield>
    <marc:datafield tag="776" ind1="0" ind2="8">
      <marc:subfield code="i">Erscheint auch als</marc:subfield>
      <marc:subfield code="n">CD-ROM-Ausgabe</marc:subfield>
      <marc:subfield code="t">Nuclear science abstracts</marc:subfield>
      <marc:subfield code="d">Palo Alto, Calif. : Dialog Information Services, 1994-1994</marc:subfield>
      <marc:subfield code="h">CD-ROMs</marc:subfield>
      <marc:subfield code="w">(DE-600)1412853-6</marc:subfield>
      <marc:subfield code="w">(DE-101)019075057</marc:subfield>
    </marc:datafield>
    <marc:datafield tag="776" ind1="0" ind2="8">
      <marc:subfield code="i">Erscheint auch als</marc:subfield>
      <marc:subfield code="n">Online-Ausgabe</marc:subfield>
      <marc:subfield code="t">Nuclear science abstracts</marc:subfield>
      <marc:subfield code="d">Palo Alto, Calif. : Dialog Information Services, 2008-2008</marc:subfield>
      <marc:subfield code="h">Online-Ressource</marc:subfield>
      <marc:subfield code="w">(DE-600)2481252-3</marc:subfield>
      <marc:subfield code="w">(DE-101)99283709X</marc:subfield>
    </marc:datafield>
    <marc:datafield tag="780" ind1="0" ind2="0">
      <marc:subfield code="i">Vorg.:</marc:subfield>
      <marc:subfield code="a">USA / Atomic Energy Commission</marc:subfield>
      <marc:subfield code="t">Abstracts of declassified documents</marc:subfield>
      <marc:subfield code="d">Oak Ridge, Tenn. : Technical Information Service, 1955-1955</marc:subfield>
      <marc:subfield code="w">(DE-600)6140-2</marc:subfield>
      <marc:subfield code="w">(DE-101)010082689</marc:subfield>
    </marc:datafield>
    <marc:datafield tag="780" ind1="0" ind2="0">
      <marc:subfield code="i">Fortsetzung von</marc:subfield>
      <marc:subfield code="t">Guide to published research on atomic energy</marc:subfield>
    </marc:datafield>
    <marc:datafield tag="785" ind1="0" ind2="0">
      <marc:subfield code="i">Forts.:</marc:subfield>
      <marc:subfield code="t">Energy research abstracts</marc:subfield>
      <marc:subfield code="d">Springfield, Va : [Verlag nicht ermittelbar], 1976-1995</marc:subfield>
      <marc:subfield code="x">0160-3604</marc:subfield>
      <marc:subfield code="w">(DE-600)199049-4</marc:subfield>
      <marc:subfield code="w">(DE-101)011128542</marc:subfield>
    </marc:datafield>
    <marc:datafield tag="785" ind1="0" ind2="0">
      <marc:subfield code="i">Beil. u. daraus hervorgeg.</marc:subfield>
      <marc:subfield code="t">New nuclear data</marc:subfield>
      <marc:subfield code="d">Washington, DC : US Atomic Energy Commission, 1952-1957</marc:subfield>
      <marc:subfield code="w">(DE-600)6139-6</marc:subfield>
      <marc:subfield code="w">(DE-101)010082662</marc:subfield>
    </marc:datafield>
    <marc:datafield tag="787" ind1="0" ind2="8">
      <marc:subfield code="i">Index</marc:subfield>
      <marc:subfield code="n">Ab 1965</marc:subfield>
      <marc:subfield code="t">Government wide index to federal research and development reports</marc:subfield>
      <marc:subfield code="d">Springfield, Va. : [Verlag nicht ermittelbar], 1965-1967</marc:subfield>
      <marc:subfield code="w">(DE-600)241662-1</marc:subfield>
      <marc:subfield code="w">(DE-101)01145959X</marc:subfield>
    </marc:datafield>
    <marc:datafield tag="850" ind1=" " ind2=" ">
      <marc:subfield code="a">DE-101a</marc:subfield>
    </marc:datafield>
  </marc:record>
</marc:collection>
